[Event "Let's Play Chess!"]
[Site "http://www.queenalice.com/game.php?id=170437"]
[Date "2007.2.18"]
[Round "-"]
[White "brendo"]
[Black "leandrogtm"]
[Result "1-0"]
[WhiteElo "1333"]
[BlackElo "1264"]

1. e4 c5 2. Nf3 Nc6 3. Bb5 Nd4 4. Nxd4 cxd4 5. O-O e5 6. d3 a6 7. Bc4 Be7 8. f4
Qc7 9. fxe5 d5 10. exd6 Bxd6 11. Bxf7+ Kd8 12. Bg5+ Ne7 13. h3 Rf8 14. Be6 Rxf1+
15. Qxf1 Bxe6 16. Qf8+ Kd7 17. Qxa8 Nc8 18. Na3 Bxa3 19. bxa3 Kc6 20. Rf1 Qg3
21. Bf4 Qg6 22. Qb8 Bxh3 23. Qc7+ Kb5 24. Rb1+ Ka4 25. Rb4+ Kxa3 26. Qa5# 1-0

[Event "Let's Play Chess!"]
[Site "http://www.queenalice.com/game.php?id=170440"]
[Date "2007.2.18"]
[Round "-"]
[White "leandrogtm"]
[Black "brendo"]
[Result "0-1"]
[WhiteElo "1500"]
[BlackElo "1192"]

1. e4 e6 2. d4 d5 3. Bd3 dxe4 4. Bxe4 Nf6 5. Bg5 Be7 6. Nc3 Nxe4 7. Nxe4 Bxg5 8.
Nf3 Be7 9. Qd3 b6 10. Ne5 O-O 11. O-O-O Bb7 12. Qf3 Qc8 13. Rhe1 f5 14. Kb1 Bxe4
15. Rxe4 fxe4 16. Qxe4 c6 17. Re1 Bd6 18. Ng4 Na6 19. Re3 Rf4 20. Nh6+ gxh6 21.
Rg3+ Kh8 22. Qe3 Rxf2 23. Qxf2 Bxg3 24. Qxg3 Qf8 25. Qd3 Nb4 0-1

[Event "AUTO-OPEN-562"]
[Site "http://www.queenalice.com/game.php?id=170644"]
[Date "2007.2.18"]
[Round "1"]
[White "andreavb"]
[Black "leandrogtm"]
[Result "0-1"]
[WhiteElo "1846"]
[BlackElo "1181"]

1. e4 e5 2. Nf3 Nc6 3. Bc4 Nf6 4. Ng5 d5 5. exd5 Nxd5 6. d4 Be7 7. Nxf7 Kxf7 8.
Qf3+ Ke6 9. Nc3 Nb4 10. a3 c6 11. axb4 Bxb4 12. Qg4+ Kf7 13. Qh5+ g6 14. Qxe5
Re8 15. O-O Rxe5 16. dxe5 Be6 17. Ne4 Be7 18. Rd1 Qc7 19. Rd3 Qxe5 20. f3 Bc5+
21. Kf1 Ne3+ 22. Bxe3 Bxc4 23. Nxc5 Qxe3 24. Ne4 Bxd3+ 25. cxd3 Qxd3+ 26. Kf2
Qd4+ 27. Kg3 Qe5+ 28. Kh3 Re8 29. Rxa7 Qf5+ 30. Kg3 Rxe4 31. fxe4 Qxe4 32. Rxb7+
Kf6 33. Rb3 Qe5+ 34. Kf2 Qd4+ 35. Re3 h5 36. Ke2 Qxb2+ 37. Kf3 c5 38. Kg3 c4 39.
Rf3+ Kg7 40. Kh3 c3 41. g3 c2 42. g4 c1=Q 43. g5 Qc8+ 44. Kh4 Qg4# 0-1

[Event "AUTO-OPEN-562"]
[Site "http://www.queenalice.com/game.php?id=170645"]
[Date "2007.2.18"]
[Round "1"]
[White "leandrogtm"]
[Black "andreavb"]
[Result "1-0"]
[WhiteElo "1181"]
[BlackElo "1846"]

1. c4 e5 2. Nc3 d6 3. Nf3 Nd7 4. e3 Be7 5. Be2 Ngf6 6. Qc2 O-O 7. Ng5 c6 8. b4
Re8 9. Bb2 Nf8 10. a4 Ne6 11. Nce4 Nxg5 12. Nxg5 g6 13. d4 Bf5 14. e4 Bd7 15.
O-O exd4 16. Bxd4 c5 17. e5 cxd4 18. exf6 Bxf6 19. Ne4 Bg7 20. Nxd6 Rxe2 21.
Qxe2 d3 22. Qxd3 Bxa1 23. Rxa1 Be6 24. Rd1 Qc7 25. Rc1 Rd8 26. c5 b6 27. Qe3 a5
28. Ne4 axb4 29. cxb6 Qd7 30. Nf6+ Kg7 31. Nxd7 Rxd7 32. Qe5+ Kh6 33. h4 Rd5 34.
Qf4+ Kg7 35. b7 Rf5 36. Qxb4 Kh6 37. b8=Q Kh5 38. g4+ Kxh4 39. Qg3+ Kg5 40. Qd2+
Kf6 41. Qh4+ Kg7 42. Qhh6+ Kf6 43. g5+ Ke5 44. Rc5+ Ke4 45. Qe3# 1-0

[Event "AUTO-OPEN-565"]
[Site "http://www.queenalice.com/game.php?id=171562"]
[Date "2007.2.20"]
[Round "1"]
[White "leandrogtm"]
[Black "jocker_1"]
[Result "1-0"]
[WhiteElo "1333"]
[BlackElo "1151"]

1. e4 e5 2. Nf3 Nc6 3. Bc4 d6 4. Nc3 Nf6 5. O-O Be7 6. Re1 O-O 7. d4 Bg4 8. d5
Nd4 9. Be2 Nxf3+ 10. Bxf3 Bxf3 11. Qxf3 c6 12. Bg5 Ne8 13. Bxe7 Qxe7 14. Rad1
cxd5 15. Nxd5 Qg5 16. Rd3 Nf6 17. Nxf6+ Qxf6 18. Qxf6 gxf6 19. Rxd6 Rfd8 20.
Red1 Rxd6 21. Rxd6 Kg7 22. Rd7 b5 23. g3 a5 24. Kf1 b4 25. Rc7 a4 26. c4 Rd8 27.
Ke2 Rd4 28. f3 1-0

[Event "AUTO-OPEN-565"]
[Site "http://www.queenalice.com/game.php?id=171563"]
[Date "2007.2.20"]
[Round "1"]
[White "jocker_1"]
[Black "leandrogtm"]
[Result "0-1"]
[WhiteElo "1151"]
[BlackElo "1348"]

1. d4 d5 2. c4 Nf6 3. Nf3 e6 4. e3 Be7 5. Bd3 Nc6 6. O-O dxc4 7. Bxc4 O-O 8. Nc3
a6 9. Ne5 Bd7 10. Nxd7 Qxd7 11. a4 Rfd8 12. b3 Nb4 13. Ba3 Nbd5 14. Nxd5 Nxd5
15. Bxd5 exd5 16. Bxe7 Qxe7 17. Qd3 Rac8 18. Rac1 c6 19. f4 Rc7 20. Rf3 Rdc8 21.
Rh3 h6 22. Qe2 c5 23. b4 cxd4 24. Rxc7 Qxc7 25. exd4 Qxf4 0-1

[Event "AUTO-OPEN-565"]
[Site "http://www.queenalice.com/game.php?id=171564"]
[Date "2007.2.20"]
[Round "1"]
[White "leandrogtm"]
[Black "mafbueno"]
[Result "1-0"]
[WhiteElo "1250"]
[BlackElo "1870"]

1. Nf3 Nf6 2. d4 g6 3. c4 Bg7 4. e3 d6 5. Be2 Nbd7 6. O-O O-O 7. Nc3 e5 8. b3
exd4 9. Nxd4 Re8 10. Bb2 Nf8 11. Bf3 Rb8 12. a4 Ne6 13. Re1 a6 14. Qd3 Nc5 15.
Qc2 Ncd7 16. a5 Ne5 17. Be4 Nxe4 18. Nxe4 c5 19. Ne2 Nc6 20. Bxg7 Kxg7 21. Red1
Bf5 22. Qc3+ Ne5 23. Nxd6 Qc8 24. Nxc8 1-0

[Event "AUTO-OPEN-565"]
[Site "http://www.queenalice.com/game.php?id=171565"]
[Date "2007.2.20"]
[Round "1"]
[White "mafbueno"]
[Black "leandrogtm"]
[Result "0-1"]
[WhiteElo "1861"]
[BlackElo "1250"]

1. b3 d5 2. Bb2 Nc6 3. e3 e5 4. Bb5 Ne7 5. Bxe5 a6 6. Bxc6+ Nxc6 7. Bg3 Bd6 8.
Ne2 Bg4 9. f3 Bf5 10. O-O Qd7 11. Nbc3 O-O-O 12. Nxd5 Bxg3 13. Nxg3 Qxd5 14. d4
Bg6 15. c4 Qd7 16. d5 Nb4 17. e4 Rhe8 18. a3 Nc6 19. dxc6 Qxc6 20. Qc2 Qc5+ 21.
Qf2 Qd4 22. Rad1 Qxd1 23. Rxd1 Rxd1+ 24. Nf1 Red8 25. h3 R8d2 26. Qxd2 Rxd2 27.
Nxd2 f5 28. e5 f4 29. Kf2 Bf5 30. g4 Bc2 31. b4 Kd7 32. Ne4 Bxe4 33. fxe4 Ke6
34. Kf3 Kxe5 35. c5 g5 36. a4 b6 37. cxb6 cxb6 0-1

[Event "AUTO-OPEN-565"]
[Site "http://www.queenalice.com/game.php?id=171566"]
[Date "2007.2.20"]
[Round "1"]
[White "leandrogtm"]
[Black "holandes"]
[Result "1-0"]
[WhiteElo "1181"]
[BlackElo "1397"]

1. Nc3 e5 2. b3 d5 3. d4 e4 4. f3 f5 5. Bf4 g5 6. Be5 Nf6 7. Bxf6 Qxf6 8. Nxd5
Qd6 9. Nc3 Bg7 10. e3 O-O 11. fxe4 fxe4 12. Nxe4 Qh6 13. Qd2 Qh4+ 14. Ng3 c5 15.
O-O-O cxd4 16. Bc4+ Kh8 17. exd4 Nc6 18. Nf3 Qf4 19. Kb1 Nxd4 20. Nxd4 Bg4 21.
Nde2 Qe5 22. c3 b5 23. Rhe1 Qf6 24. Bxb5 Rab8 25. Rf1 Qg6+ 26. Bd3 Qh6 27. Nf5
Bxf5 28. Rxf5 Rxf5 29. Bxf5 Bf6 30. h3 a5 31. Kc2 Rc8 32. Bxc8 Qg6+ 33. Qd3 Qe8
34. Bf5 Qe7 35. Qd8+ Qxd8 36. Rxd8+ Bxd8 37. Nd4 h5 38. Nc6 Bc7 39. b4 axb4 40.
cxb4 h4 41. a4 Kg7 42. Kd3 Kf6 43. Ke4 1-0

[Event "AUTO-OPEN-565"]
[Site "http://www.queenalice.com/game.php?id=171567"]
[Date "2007.2.20"]
[Round "1"]
[White "holandes"]
[Black "leandrogtm"]
[Result "1-0"]
[WhiteElo "1544"]
[BlackElo "1361"]

1. e4 c5 2. c3 e6 3. d4 d5 4. e5 Nc6 5. Nf3 Bd7 6. h4 cxd4 7. cxd4 Qa5+ 8. Bd2
Bb4 9. Nc3 Nh6 10. Nh2 Nxd4 11. a3 Bxc3 12. Bxc3 Qa4 13. Qxd4 Qxd4 14. Bxd4 Nf5
15. Bc5 Rc8 16. b4 Nxh4 17. g3 Ng6 18. f4 f6 19. Bd4 O-O 20. Bd3 b6 21. Nf3 f5
22. Ke2 h6 23. Rag1 Ne7 24. g4 fxg4 25. Rxg4 Kh8 26. Rhg1 Rf7 27. Nh4 Ba4 28.
Ng6+ Kg8 29. Rh1 Bc2 30. Nxe7+ Rxe7 31. Rxh6 Kf7 32. Rh7 Bxd3+ 33. Kxd3 Kg8 34.
Rgh4 Ree8 35. R7h5 Kf7 36. Rg4 g6 37. Rh6 Rg8 38. Rh7+ Rg7 39. Rh6 Rcg8 40. Kc3
g5 41. Rf6+ Ke7 42. a4 gxf4 43. Rgxf4 Rg3+ 44. Kd2 R3g4 45. Rf7+ Ke8 46. Ke3
Rg3+ 47. Ke2 Rg2+ 48. Ke1 R8g7 49. R7f6 R2g4 50. Rxe6+ Kd7 51. Rd6+ Ke7 52. Be3
Rxf4 53. Bxf4 Rg4 54. Bd2 Re4+ 55. Kd1 Rxe5 56. Rh6 Kd8 57. Bc3 Re4 58. Rd6+ Ke7
59. Rxd5 Ke6 60. Rh5 Kd6 61. Be5+ Rxe5 62. Rh7 a5 63. b5 1-0